000 00693nam a2200181Ia 4500
008 090630s9999 xx 000 0 und d
082 _b25850
100 _aहडपडकर दिपिका.
245 _aअपूर्ण मी तुझ्याविना.
_cहडपडकर दिपिका.
260 _bआमोद - मुंबई.
_c2006
300 _a320
600 _aहडपडकर दिपिका.
630 _aअपूर्ण मी तुझ्याविना.
655 _aकादंबरी.
700 _aहडपडकर दिपिका.
730 _aअपूर्ण मी तुझ्याविना.
942 _cBOOK
999 _c277706
_d277706